[Event "7th Southwest Class Ch."]
[Site "Dallas"]
[Date "2016.02.14"]
[Round "7.13"]
[White "Bykovtsev, Agata"]
[Black "Andrenko, Iryna"]
[Result "1/2-1/2"]
[WhiteElo "2176"]
[BlackElo "2217"]
[PlyCount "81"]
[EventDate "2016.02.??"]
[EventType "swiss"]
[EventRounds "9"]
[EventCountry "USA"]

1. e4 g6 2. d4 Bg7 3. Nc3 d6 4. g3 Nd7 5. Bg2 c5 6. Nge2 Ngf6 7. O-O O-O 8. h3
Rb8 9. a4 b6 10. Be3 a6 11. f4 cxd4 12. Bxd4 Bb7 13. Nd5 e5 14. fxe5 Nxd5 15.
exd5 Nxe5 16. b3 a5 17. c4 Bc8 18. Qd2 Qc7 19. Nc3 Bd7 20. Rae1 f5 21. Kh1 Rfe8
22. Ne2 Re7 23. Nf4 Kh8 24. Qf2 Kg8 25. Rd1 Nf7 26. Be3 Bc3 27. Rd3 Bb4 28. Ne6
Bxe6 29. dxe6 Ne5 30. Rdd1 Kg7 31. Qf4 Rxe6 32. Qh6+ Kh8 33. Bd5 Ree8 34. Bg5
Rf8 35. Qh4 h5 36. Be7 Kg7 37. Bxf8+ Rxf8 38. Qg5 Bc5 39. Be6 Qd8 40. Qd2 Qe7
41. Bd5 1/2-1/2

[Event "7th Southwest Class Ch."]
[Site "Dallas"]
[Date "2016.02.14"]
[Round "7.14"]
[White "Wang, Michael"]
[Black "Brooks, Curtis"]
[Result "1-0"]
[WhiteElo "2197"]
[BlackElo "2022"]
[PlyCount "110"]
[EventDate "2016.02.??"]
[EventType "swiss"]
[EventRounds "9"]
[EventCountry "USA"]

1. e4 c5 2. Nf3 d6 3. Bb5+ Nd7 4. c3 a6 5. Ba4 Ngf6 6. Bc2 g6 7. O-O Bg7 8. d4
cxd4 9. cxd4 O-O 10. a4 b6 11. Nc3 Bb7 12. Bg5 h6 13. Bf4 Rc8 14. Qd2 Kh7 15.
Rad1 d5 16. exd5 Nxd5 17. Nxd5 Bxd5 18. Ne5 Nf6 19. Rfe1 Bb7 20. Qd3 Qd5 21. f3
e6 22. Bg3 Kg8 23. Bb3 Qd8 24. Bh4 g5 25. Bg3 Nd5 26. Qd2 Qe7 27. Bc2 Qb4 28.
Qd3 f5 29. Bb3 Rfe8 30. Nc4 Rcd8 31. Na3 Bxd4+ 32. Qxd4 Qxb3 33. Rd3 Qb4 34.
Qxb4 Nxb4 35. Rxd8 Rxd8 36. Rxe6 Rd1+ 37. Re1 Rxe1+ 38. Bxe1 Nd3 39. Bc3 Nc5
40. a5 b5 41. Nc2 Kf7 42. b4 Na4 43. Ba1 Ke6 44. Nd4+ Kd5 45. Nxf5 Kc4 46. Nd6+
Kxb4 47. Nxb7 Kb3 48. g3 Ka2 49. Bd4 b4 50. Nc5 Nc3 51. Kf2 Kb2 52. Nd3+ Kb3
53. Ke3 Kc4 54. f4 gxf4+ 55. gxf4 Kd5 1-0

[Event "7th Southwest Class Ch."]
[Site "Dallas"]
[Date "2016.02.14"]
[Round "7.16"]
[White "Vaidya, Atulya"]
[Black "Ghatti, Sanjay"]
[Result "0-1"]
[WhiteElo "2103"]
[BlackElo "2172"]
[PlyCount "60"]
[EventDate "2016.02.??"]
[EventType "swiss"]
[EventRounds "9"]
[EventCountry "USA"]

1. d4 Nf6 2. c4 e6 3. Nc3 d5 4. cxd5 exd5 5. Bg5 c6 6. Qc2 h6 7. Bxf6 Qxf6 8.
Nxd5 Qxd4 9. Rd1 Bb4+ 10. Nc3 Qf6 11. e3 Be6 12. a3 Bxc3+ 13. bxc3 Nd7 14. Nf3
O-O 15. Bd3 Nc5 16. Nd4 Nxd3+ 17. Qxd3 Rfd8 18. Qc2 Bc4 19. Rc1 Qg5 20. g3 c5
21. Ne2 Qd5 22. Rg1 Qf3 23. g4 Rd6 24. Rg3 Qh1+ 25. Ng1 Rad8 26. g5 h5 27. g6
Rxg6 28. Rxg6 fxg6 29. Qxg6 Qd5 30. Qc2 a5 0-1

[Event "7th Southwest Class Ch."]
[Site "Dallas"]
[Date "2016.02.14"]
[Round "7.17"]
[White "Feinstein, Michael J"]
[Black "Serna, Jeffrey M"]
[Result "1/2-1/2"]
[WhiteElo "2163"]
[BlackElo "2009"]
[PlyCount "51"]
[EventDate "2016.02.??"]
[EventType "swiss"]
[EventRounds "9"]
[EventCountry "USA"]

1. d4 Nf6 2. Bg5 d5 3. Bxf6 gxf6 4. e3 e5 5. g3 Be6 6. Bg2 c6 7. Nd2 Qd7 8. Ne2
Bh3 9. O-O h5 10. Re1 Bxg2 11. Kxg2 h4 12. Nf1 Na6 13. Ng1 hxg3 14. fxg3 O-O-O
15. c3 Nc7 16. b4 Ne6 17. Nf3 e4 18. N3d2 Bd6 19. Re2 Rdg8 20. Kf2 Qc7 21. Ke1
Ng5 22. Qc2 Rh6 23. Kd1 Rgh8 24. Kc1 Qe7 25. Kb2 Nh3 26. Rg2 1/2-1/2

[Event "7th Southwest Class Ch."]
[Site "Dallas"]
[Date "2016.02.14"]
[Round "7.18"]
[White "Roach, Andrew"]
[Black "Prilleltensky, Matan"]
[Result "0-1"]
[WhiteElo "1977"]
[BlackElo "2232"]
[PlyCount "61"]
[EventDate "2016.02.??"]
[EventType "swiss"]
[EventRounds "9"]
[EventCountry "USA"]

1. e4 c5 2. Nf3 e6 3. d4 cxd4 4. Nxd4 a6 5. Bd3 Qc7 6. Nc3 Nf6 7. O-O Bd6 8. f4
Bc5 9. Nce2 d6 10. Kh1 b5 11. Nb3 Bb6 12. Ned4 O-O 13. Qe2 Nbd7 14. c3 Bb7 15.
Bd2 d5 16. e5 Ne4 17. a4 bxa4 18. Rxa4 Rab8 19. Ra2 Qd8 20. Be3 a5 21. Nb5 f6
22. exf6 Rxf6 23. Bxb6 Qxb6 24. Rf3 Rbf8 25. Nxa5 Rxf4 26. Bxe4 Rxe4 27. Rxf8+
Nxf8 28. Qf1 Qc5 29. c4 dxc4 30. Nxb7 Qxb5 31. h3 0-1

[Event "7th Southwest Class Ch."]
[Site "Dallas"]
[Date "2016.02.14"]
[Round "7.19"]
[White "Toolin, Christopher J"]
[Black "Githoro, Mbugua"]
[Result "1-0"]
[WhiteElo "2241"]
[BlackElo "2042"]
[PlyCount "149"]
[EventDate "2016.02.??"]
[EventType "swiss"]
[EventRounds "9"]
[EventCountry "USA"]

1. d4 e6 2. c4 f5 3. g3 Nf6 4. Bg2 d5 5. Nd2 c6 6. Qc2 Bd6 7. Nh3 O-O 8. O-O a5
9. Nf3 a4 10. Bf4 a3 11. Bxd6 Qxd6 12. c5 Qe7 13. Nf4 Ng4 14. Nd3 Nd7 15. h3
Nh6 16. b4 Nf7 17. Nfe5 Ndxe5 18. dxe5 g5 19. f4 gxf4 20. gxf4 Nh8 21. Rf3 Ng6
22. Rb1 Kh8 23. Ne1 Rg8 24. Rbb3 Bd7 25. Qc1 Qh4 26. Kh1 Qh6 27. Rxa3 Rad8 28.
Rf2 Rg7 29. Rg3 Rdg8 30. Qe3 Be8 31. a4 Nh4 32. Rxg7 Qxg7 33. Qd3 Bd7 34. Qb3
Be8 35. Qc3 Bd7 36. Qd3 Be8 37. a5 Qg6 38. Qa3 Qg7 39. b5 cxb5 40. a6 bxa6 41.
Qxa6 Qg3 42. Qxe6 Nxg2 43. Qf6+ Qg7 44. Qxg7+ Rxg7 45. Rxg2 Rb7 46. Rg3 b4 47.
Rb3 Ba4 48. Rb2 Kg7 49. Nd3 b3 50. Kg1 Kf7 51. Kf2 d4 52. e3 dxe3+ 53. Kxe3 Bc6
54. Kd2 Be4 55. Kc3 Bxd3 56. Kxd3 Rb4 57. c6 Ke6 58. Kc3 Rb6 59. Rxb3 Rxc6+ 60.
Kd4 Ra6 61. Rb4 h5 62. Kc5 Ra3 63. Rb6+ Ke7 64. h4 Rf3 65. Rb4 Rh3 66. Kd5 Rxh4
67. Rb7+ Kf8 68. e6 Rxf4 69. Ke5 Re4+ 70. Kf6 Kg8 71. Rb5 f4 72. Rg5+ Kh8 73.
Rxh5+ Kg8 74. Rg5+ Kh8 75. Re5 1-0

[Event "7th Southwest Class Ch."]
[Site "Dallas"]
[Date "2016.02.14"]
[Round "7.20"]
[White "Franco, Eduardo R"]
[Black "Gutman, Joshua"]
[Result "1-0"]
[WhiteElo "2167"]
[BlackElo "2092"]
[PlyCount "57"]
[EventDate "2016.02.??"]
[EventType "swiss"]
[EventRounds "9"]
[EventCountry "USA"]

1. d4 d5 2. Nf3 Nf6 3. c4 c6 4. e3 e6 5. Nbd2 Nbd7 6. Bd3 Bd6 7. O-O O-O 8. e4
e5 9. cxd5 cxd5 10. exd5 exd4 11. Ne4 Nxe4 12. Bxe4 Nf6 13. Qxd4 Re8 14. Bg5
Qb6 15. Bxf6 gxf6 16. Qd3 h6 17. Nd4 Bd7 18. Bf5 Rad8 19. Bxd7 Rxd7 20. Nf5 Bf8
21. Rae1 Red8 22. d6 Qxb2 23. Re4 Bxd6 24. Nxh6+ Kf8 25. Qh3 f5 26. Nxf5 Qf6
27. Rh4 Be5 28. Rh6 Rd3 29. Qh5 1-0

[Event "7th Southwest Class Ch."]
[Site "Dallas"]
[Date "2016.02.14"]
[Round "7.21"]
[White "Wang, Justin"]
[Black "Kelly, Joey M"]
[Result "1-0"]
[WhiteElo "2118"]
[BlackElo "2016"]
[PlyCount "63"]
[EventDate "2016.02.??"]
[EventType "swiss"]
[EventRounds "9"]
[EventCountry "USA"]

1. e4 c5 2. c3 d5 3. exd5 Qxd5 4. d4 cxd4 5. cxd4 Nc6 6. Nf3 e5 7. Nc3 Bb4 8.
Bd2 Bxc3 9. Bxc3 e4 10. Ne5 Nxe5 11. dxe5 Ne7 12. Be2 Bd7 13. O-O Bc6 14. Qc2
O-O 15. Rfd1 Qe6 16. Rd6 Qf5 17. h3 Qg5 18. Rxc6 Nxc6 19. Qxe4 Rfe8 20. f4 Qh4
21. Bc4 Rad8 22. Re1 Re7 23. Qe3 Nd4 24. Rd1 Nc6 25. Rf1 a6 26. a4 Kh8 27. Kh2
Red7 28. Rf3 Ne7 29. e6 Nd5 30. Bxd5 Rxd5 31. exf7 Qh5 32. Qe7 1-0

[Event "7th Southwest Class Ch."]
[Site "Dallas"]
[Date "2016.02.14"]
[Round "7.23"]
[White "Song, Terry G"]
[Black "Aponte, Felix J"]
[Result "1/2-1/2"]
[WhiteElo "2200"]
[BlackElo "2409"]
[PlyCount "82"]
[EventDate "2016.02.??"]
[EventType "swiss"]
[EventRounds "9"]
[EventCountry "USA"]

1. e4 c5 2. Nf3 Nc6 3. d4 cxd4 4. Nxd4 e5 5. Nb5 d6 6. N1c3 a6 7. Na3 b5 8. Nd5
Nce7 9. c4 Nxd5 10. Qxd5 Be6 11. Qd3 b4 12. Nc2 a5 13. g3 Be7 14. Bg2 Nf6 15.
Bg5 Nd7 16. Be3 Nc5 17. Bxc5 dxc5 18. Qe2 O-O 19. O-O a4 20. Rad1 Qb8 21. Ne3
Bg5 22. Nd5 b3 23. a3 Ra7 24. Kh1 Rd7 25. f4 Bxd5 26. cxd5 Bf6 27. Qc4 exf4 28.
gxf4 Bxb2 29. e5 Bxa3 30. Qxa4 Ra7 31. Qe4 Rb7 32. f5 Rb4 33. Qe3 f6 34. exf6
gxf6 35. d6 Kh8 36. d7 Rd4 37. Rxd4 cxd4 38. Qxd4 b2 39. Be4 Be7 40. Bb1 Qb7+
41. Be4 Qb8 1/2-1/2

[Event "7th Southwest Class Ch."]
[Site "Dallas"]
[Date "2016.02.14"]
[Round "7.25"]
[White "Johnston, Daniel"]
[Black "Wang, Annie"]
[Result "0-1"]
[WhiteElo "1906"]
[BlackElo "2138"]
[Annotator "Yang,Brian"]
[PlyCount "43"]
[EventDate "2016.02.??"]
[EventType "swiss"]
[EventRounds "9"]
[EventCountry "USA"]

1. e4 e6 2. d4 d5 3. Nd2 Nf6 4. e5 Nfd7 5. c3 c5 6. Bd3 Nc6 7. Ne2 cxd4 8. cxd4
f6 9. exf6 Nxf6 10. Nf3 Bd6 11. O-O O-O 12. Bf4 Bxf4 13. Nxf4 Qd6 14. g3 Bd7
15. Re1 Rae8 16. a3 e5 17. Nxe5 Nxe5 18. dxe5 Rxe5 19. Rxe5 Qxe5 20. Qd2 Re8
21. Rc1 b6 22. Ne2 {[%emt 0:00:33] Black won on move} 0-1

[Event "7th Southwest Class Ch."]
[Site "Dallas"]
[Date "2016.02.14"]
[Round "7.26"]
[White "Yu, Jennifer"]
[Black "Xie, Tianming"]
[Result "1/2-1/2"]
[WhiteElo "2102"]
[BlackElo "1988"]
[Annotator "Yang,Brian"]
[PlyCount "127"]
[EventDate "2016.02.??"]
[EventType "swiss"]
[EventRounds "9"]
[EventCountry "USA"]

1. c4 Nf6 2. Nc3 g6 3. g3 Bg7 4. Bg2 O-O 5. d4 d6 6. Nf3 Nbd7 7. O-O e5 8. h3
c6 9. e4 Re8 10. Re1 a5 11. b3 exd4 12. Nxd4 Nc5 13. Bb2 Nfd7 14. Qd2 Ne5 15.
Re3 Qb6 16. Kh2 a4 17. Nce2 Ned3 18. Rxd3 Nxd3 19. Qxd3 c5 20. Nc3 a3 21. Bxa3
Bxd4 22. Bb2 Qd8 23. Rd1 Bd7 24. Rd2 Bc6 25. f4 Qf6 26. b4 Qg7 27. b5 Bd7 28.
Rc2 f5 29. Qd2 fxe4 30. Bxe4 Bf5 31. Bxf5 gxf5 32. Ne2 Bxb2 33. Rxb2 Kh8 34.
Rc2 Ra3 35. Qd5 Rae3 36. Qg2 h5 37. Ng1 Rg8 38. Nf3 h4 39. Nxh4 Rxg3 40. Qf2
Qe7 41. Nxf5 Rg2+ 42. Qxg2 Rxg2+ 43. Rxg2 Qe4 44. Ng3 Qxf4 45. Rc2 Qe3 46. Re2
Qd4 47. b6 Qxc4 48. Re8+ Kg7 49. Re7+ Kf6 50. Rxb7 Qxa2+ 51. Kg1 Qa1+ 52. Kh2
Qb2+ 53. Kh1 Qc1+ 54. Kg2 Qd2+ 55. Kg1 Qd4+ 56. Kf1 c4 57. Rb8 c3 58. Ne2 Qc4
59. b7 c2 60. Kf2 Qc5+ 61. Kg2 Qg5+ 62. Kf2 Qh4+ 63. Ke3 Qe1 64. Rf8+ {Game is
drawn after 20 more moves in time pressure.} 1/2-1/2

[Event "7th Southwest Class Ch."]
[Site "Dallas"]
[Date "2016.02.14"]
[Round "7.27"]
[White "Potula, Kapish"]
[Black "Dejmek, Mark W"]
[Result "0-1"]
[WhiteElo "2042"]
[BlackElo "1978"]
[PlyCount "74"]
[EventDate "2016.02.??"]
[EventType "swiss"]
[EventRounds "9"]
[EventCountry "USA"]

1. d4 Nf6 2. c4 c5 3. d5 e6 4. Nc3 exd5 5. cxd5 d6 6. e4 g6 7. Bd3 Bg7 8. f4
O-O 9. Nf3 b5 10. O-O c4 11. Bc2 Bg4 12. h3 Bxf3 13. Qxf3 Nfd7 14. Be3 Na6 15.
Nxb5 Qb8 16. a4 Nac5 17. Qf2 a6 18. Nd4 Qxb2 19. Rab1 Qc3 20. Rfc1 Nd3 21. Ne2
Qa5 22. Bxd3 cxd3 23. Nd4 Nf6 24. Nc6 Qxa4 25. Rb4 Qa3 26. Rcb1 a5 27. Bc1 axb4
28. Bxa3 bxa3 29. Ne7+ Kh8 30. e5 dxe5 31. fxe5 Ne4 32. Qe3 a2 33. Ra1 Bxe5 34.
Rxa2 Rxa2 35. Qxe4 Bg3 36. Qd4+ f6 37. Kf1 Re2 0-1

[Event "7th Southwest Class Ch."]
[Site "Dallas"]
[Date "2016.02.14"]
[Round "7.28"]
[White "Haskin, Zach"]
[Black "Guo, Authur"]
[Result "1-0"]
[WhiteElo "2004"]
[BlackElo "2010"]
[PlyCount "115"]
[EventDate "2016.02.??"]
[EventType "swiss"]
[EventRounds "9"]
[EventCountry "USA"]

1. d4 Nf6 2. Nf3 e6 3. g3 d5 4. Bg2 Be7 5. O-O O-O 6. b3 Nbd7 7. Bb2 c5 8. Nbd2
b6 9. c4 Bb7 10. Rc1 Rc8 11. Ne5 cxd4 12. Bxd4 Ba3 13. Rc2 Nc5 14. Nb1 Bb4 15.
a3 Bxa3 16. Nxa3 Nxb3 17. Bb2 Qe7 18. cxd5 Rxc2 19. Qxc2 Nc5 20. dxe6 Nxe6 21.
Nc6 Bxc6 22. Qxc6 Rd8 23. Qb7 Qxb7 24. Bxb7 Rd2 25. Bxf6 gxf6 26. e3 Ra2 27.
Nb5 Rb2 28. Nxa7 b5 29. Be4 Nc5 30. Bf5 b4 31. Rc1 Na4 32. Rb1 Rxb1+ 33. Bxb1
b3 34. Nb5 Kg7 35. Kf1 h5 36. h4 f5 37. Bxf5 Kf6 38. Bb1 Ke5 39. Ke2 Kd5 40.
Kd2 Kc5 41. Nc3 Nb6 42. Bd3 Nd7 43. Be2 Nf6 44. f3 Kb4 45. Nb1 Nd7 46. g4 hxg4
47. fxg4 Kc5 48. h5 Ne5 49. h6 Ng6 50. Bd3 Nh8 51. Kc3 Kd5 52. Kxb3 Ke5 53. Nd2
Kf6 54. Nf3 Ng6 55. Bxg6 Kxg6 56. Ne5+ Kxh6 57. Nxf7+ Kg6 58. Nd8 1-0

[Event "7th Southwest Class Ch."]
[Site "Dallas"]
[Date "2016.02.15"]
[Round "8.1"]
[White "Liang, Awonder"]
[Black "Xiong, Jeffery"]
[Result "0-1"]
[WhiteElo "2379"]
[BlackElo "2588"]
[PlyCount "82"]
[EventDate "2016.02.??"]
[EventType "swiss"]
[EventRounds "9"]
[EventCountry "USA"]

1. d4 Nf6 2. c4 g6 3. f3 Nc6 4. d5 Ne5 5. e4 d6 6. Nc3 Bg7 7. Be2 O-O 8. f4
Ned7 9. Nh3 Nb6 10. Nf2 e6 11. O-O exd5 12. cxd5 c6 13. dxc6 bxc6 14. Be3 Re8
15. Qd2 d5 16. e5 Nfd7 17. b4 f6 18. e6 Rxe6 19. b5 Bb7 20. f5 gxf5 21. bxc6
Bxc6 22. Nh3 Ne5 23. Nf4 Nbc4 24. Nxe6 Nxd2 25. Nxd8 Nxf1 26. Nxc6 Nxe3 27.
Ne7+ Kf7 28. Nexd5 Nxd5 29. Nxd5 Rb8 30. Rc1 Bh6 31. Rc7+ Ke6 32. Rxh7 Rb1+ 33.
Kf2 Kxd5 34. Rxh6 Rb2 35. h3 Ke4 36. Rxf6 Nd3+ 37. Kg1 Rxe2 38. Ra6 Nf4 39. Kf1
Ke3 40. Ra3+ Nd3 41. g3 Rd2 0-1

[Event "7th Southwest Class Ch."]
[Site "Dallas"]
[Date "2016.02.15"]
[Round "8.2"]
[White "Stukopin, Andrey"]
[Black "Kiewra, Keaton"]
[Result "1-0"]
[WhiteElo "2582"]
[BlackElo "2428"]
[PlyCount "71"]
[EventDate "2016.02.??"]
[EventType "swiss"]
[EventRounds "9"]
[EventCountry "USA"]

1. b3 d5 2. Bb2 Bf5 3. d3 e6 4. Nd2 Nf6 5. g3 Be7 6. Bg2 h6 7. e4 Bh7 8. Ne2 c5
9. O-O Nc6 10. exd5 exd5 11. Nf4 O-O 12. a3 Rc8 13. Bxf6 Bxf6 14. Rc1 Ne7 15.
Qf3 Qa5 16. Rfd1 Bc3 17. Nxd5 Nxd5 18. Nc4 Qd8 19. Qxd5 Qxd5 20. Bxd5 b5 21.
Nd6 Rb8 22. Be4 b4 23. a4 a6 24. Bxh7+ Kxh7 25. Ne4 Bd4 26. Re1 f5 27. Nd2 Rbe8
28. Rxe8 Rxe8 29. Kf1 f4 30. g4 h5 31. gxh5 Re5 32. Nf3 Rxh5 33. Re1 Bc3 34.
Re6 g5 35. h3 Kg7 36. Kg2 1-0

[Event "7th Southwest Class Ch."]
[Site "Dallas"]
[Date "2016.02.15"]
[Round "8.3"]
[White "Macieja, Bartlomiej"]
[Black "Niemann, Hans"]
[Result "1/2-1/2"]
[WhiteElo "2559"]
[BlackElo "2320"]
[PlyCount "86"]
[EventDate "2016.02.??"]
[EventType "swiss"]
[EventRounds "9"]
[EventCountry "USA"]

1. Nf3 Nf6 2. c4 e6 3. Nc3 c5 4. g3 d5 5. cxd5 Nxd5 6. Bg2 Nc6 7. O-O Nc7 8. d3
Be7 9. Be3 O-O 10. Rc1 Bd7 11. d4 cxd4 12. Nxd4 Bf6 13. Nxc6 Bxc6 14. Bxc6 bxc6
15. Na4 Nd5 16. Rxc6 Nxe3 17. Qxd8 Raxd8 18. fxe3 Rd2 19. Kf2 Bxb2 20. Nxb2
Rxb2 21. a4 Rfb8 22. Rfc1 g6 23. Rc8+ Kg7 24. Rxb8 Rxb8 25. Rc7 Rb2 26. Rxa7 h5
27. e4 g5 28. a5 Ra2 29. e5 Kg6 30. Ke3 h4 31. g4 Ra3+ 32. Kd2 Ra2+ 33. Kd3
Ra3+ 34. Kd2 Ra2+ 35. Kd3 Ra3+ 36. Kc2 Rh3 37. a6 Rxh2 38. Ra8 Rxe2+ 39. Kb3
Re3+ 40. Kb4 Re4+ 41. Kb3 Re3+ 42. Kb4 Re4+ 43. Kb3 Re3+ 1/2-1/2

[Event "7th Southwest Class Ch."]
[Site "Dallas"]
[Date "2016.02.15"]
[Round "8.4"]
[White "Sadorra, Julio"]
[Black "Baryshpoets, Andrey"]
[Result "1-0"]
[WhiteElo "2514"]
[BlackElo "2548"]
[PlyCount "102"]
[EventDate "2016.02.??"]
[EventType "swiss"]
[EventRounds "9"]
[EventCountry "USA"]

1. d4 d5 2. c4 e6 3. Nc3 Be7 4. Bf4 Nf6 5. e3 O-O 6. a3 b6 7. g4 Bb7 8. Bg2
Nbd7 9. h4 Qc8 10. cxd5 Nxd5 11. Nxd5 Bxd5 12. Bxd5 exd5 13. Ne2 c5 14. h5 Qc6
15. Ng3 Rfe8 16. Nf5 Bf6 17. O-O g6 18. Nh6+ Kf8 19. Qf3 Re7 20. hxg6 hxg6 21.
Kg2 Bg7 22. Rh1 Qe6 23. g5 Ke8 24. Ng8 Kf8 25. Nxe7 Kxe7 26. Rad1 Rd8 27. Rde1
Qe4 28. Qxe4+ dxe4 29. Rh4 Nf8 30. dxc5 bxc5 31. Bc7 Rd7 32. Ba5 Bxb2 33. Rb1
Bxa3 34. Rxe4+ Ne6 35. Bc3 Rd3 36. Bf6+ Kd6 37. Ra4 Bb4 38. Rxa7 Nc7 39. Rh1
Kc6 40. Be5 Rd7 41. Rxc7+ Rxc7 42. Bxc7 Kxc7 43. Kf3 Kd6 44. Ke4 Bc3 45. Kd3
Bb4 46. Rh4 Ke6 47. Rf4 Ba3 48. Kc4 Bb4 49. Rf6+ Ke7 50. Kd5 Ba3 51. Rc6 Bb4
1-0

[Event "7th Southwest Class Ch."]
[Site "Dallas"]
[Date "2016.02.15"]
[Round "8.5"]
[White "Langer, Michael"]
[Black "Holt, Conrad"]
[Result "0-1"]
[WhiteElo "2198"]
[BlackElo "2542"]
[PlyCount "42"]
[EventDate "2016.02.??"]
[EventType "swiss"]
[EventRounds "9"]
[EventCountry "USA"]

1. e4 e6 2. d4 d5 3. Nd2 Be7 4. Ngf3 Nf6 5. e5 Nfd7 6. Bd3 c5 7. c3 b6 8. c4
Ba6 9. Qe2 Nc6 10. cxd5 Bxd3 11. Qxd3 exd5 12. dxc5 Nxc5 13. Qe2 O-O 14. O-O
Re8 15. Nb3 Bd6 16. Rd1 Nxe5 17. Nbd4 Qd7 18. b4 Ne4 19. Nxe5 Bxe5 20. Bb2 Bxd4
21. Rxd4 Nc3 0-1

[Event "7th Southwest Class Ch."]
[Site "Dallas"]
[Date "2016.02.15"]
[Round "8.6"]
[White "Ruiz, Joshua"]
[Black "Li, Ruifing"]
[Result "0-1"]
[WhiteElo "2371"]
[BlackElo "2483"]
[PlyCount "86"]
[EventDate "2016.02.??"]
[EventType "swiss"]
[EventRounds "9"]
[EventCountry "USA"]

1. e4 c5 2. Nf3 d6 3. d4 cxd4 4. Nxd4 Nf6 5. Nc3 a6 6. Bg5 Nbd7 7. Bc4 Qb6 8.
Bb3 e6 9. Qd2 Be7 10. O-O-O Nc5 11. f3 Qc7 12. Kb1 b5 13. h4 Bd7 14. a3 Rb8 15.
g4 a5 16. Rhe1 O-O 17. Bxf6 Bxf6 18. g5 Bxd4 19. Qxd4 b4 20. axb4 axb4 21. Ne2
Rfc8 22. Qxd6 Qa7 23. Nc1 Rc6 24. Qe7 Ra8 25. Ba2 Ra6 26. Re3 Rxa2 27. Nxa2
Qxa2+ 28. Kc1 Qa1+ 29. Kd2 Qa5 30. Ke2 Qb5+ 31. Kf2 Re8 32. Qd6 Bc6 33. b3 e5
34. Ra1 Ne6 35. Ra4 Nc5 36. Ra1 Qb6 37. h5 Ne6 38. Qxe5 Nd4 39. Qa5 Qb8 40. Rh1
Re5 41. Qa6 Bb5 42. Qa2 Rxg5 43. Rh3 Rc5 0-1

[Event "7th Southwest Class Ch."]
[Site "Dallas"]
[Date "2016.02.15"]
[Round "8.7"]
[White "Vazquez, Guillermo"]
[Black "Sheng, Joshua"]
[Result "1/2-1/2"]
[WhiteElo "2400"]
[BlackElo "2402"]
[PlyCount "104"]
[EventDate "2016.02.??"]
[EventType "swiss"]
[EventRounds "9"]
[EventCountry "USA"]

1. e4 c5 2. Nf3 e6 3. g3 Nc6 4. Bg2 Nf6 5. d3 d5 6. Qe2 Be7 7. O-O O-O 8. e5
Nd7 9. c4 Re8 10. h4 Nf8 11. h5 b6 12. Bf4 Bb7 13. Rd1 Qd7 14. Nc3 Rad8 15. d4
Nxd4 16. Nxd4 cxd4 17. Rxd4 Ba6 18. Nb5 Bxb5 19. cxb5 Rc8 20. Rdd1 h6 21. Be4
Qd8 22. Rac1 Rxc1 23. Bxc1 Qc7 24. Bd3 Rc8 25. Bd2 Nd7 26. Rc1 Qb8 27. Rxc8+
Qxc8 28. b4 Qf8 29. a3 f6 30. exf6 Qxf6 31. Kg2 Qe5 32. Qf3 Bg5 33. Bc3 Qd6 34.
Bb1 Bf6 35. Bd2 Qe5 36. Qg4 Kf7 37. Bf4 Qb2 38. Bh7 Ne5 39. Bxe5 Qxe5 40. Qg6+
Kf8 41. Qc2 Qc3 42. Qxc3 Bxc3 43. Kf1 Bb2 44. a4 Bc3 45. Ke2 Bxb4 46. f3 Ke7
47. Bg8 Kd6 48. Kd3 Be1 49. g4 e5 50. Bf7 Kc5 51. Bg8 Bh4 52. Bf7 Bf6 1/2-1/2

[Event "7th Southwest Class Ch."]
[Site "Dallas"]
[Date "2016.02.15"]
[Round "8.8"]
[White "Hilby, Craig"]
[Black "Brown, Michael"]
[Result "0-1"]
[WhiteElo "2347"]
[BlackElo "2424"]
[PlyCount "164"]
[EventDate "2016.02.??"]
[EventType "swiss"]
[EventRounds "9"]
[EventCountry "USA"]

1. d4 d5 2. Bg5 f6 3. Bf4 Nc6 4. Nf3 Bg4 5. Nbd2 Nxd4 6. Nxd4 e5 7. h3 Bh5 8.
c4 exd4 9. Qb3 g5 10. Bh2 dxc4 11. Qb5+ Kf7 12. Nxc4 Kg7 13. O-O-O Ne7 14. Qxb7
Bf7 15. e4 Rb8 16. Qa6 Nc8 17. e5 Be7 18. exf6+ Bxf6 19. Be5 Nb6 20. Rxd4 Qe7
21. Bxf6+ Qxf6 22. Ne3 Qxf2 23. Qe2 Qf6 24. Qd2 Rhd8 25. Be2 c5 26. Rd6 Rxd6
27. Qxd6 Qxd6 28. Nf5+ Kg8 29. Nxd6 Bxa2 30. Rf1 Bd5 31. Bf3 Rd8 32. Bxd5+ Nxd5
33. Ne4 Ne3 34. Re1 Nxg2 35. Rg1 Ne3 36. Rxg5+ Kf7 37. b3 c4 38. bxc4 Nxc4 39.
Rc5 Nb6 40. h4 Rd4 41. Ng5+ Kg8 42. Ra5 Ra4 43. Rf5 Rxh4 44. Ne6 Rc4+ 45. Kd1
Rc8 46. Ra5 Re8 47. Nc7 Rd8+ 48. Ke2 Nc8 49. Kf3 Rd7 50. Nd5 Kg7 51. Kg4 Nd6
52. Ra6 Nb5 53. Nf4 Rd6 54. Ra1 a6 55. Kf5 Kf7 56. Ra2 Rc6 57. Kg5 Nc3 58. Rh2
Ne4+ 59. Kf5 Nf6 60. Nd3 Rd6 61. Ne5+ Ke7 62. Rg2 Ne8 63. Rh2 Ng7+ 64. Kg5 Rd5
65. Rxh7 Rxe5+ 66. Kg6 Kd6 67. Rxg7 Kc5 68. Kf6 Re3 69. Kf5 a5 70. Ra7 Kb4 71.
Kf4 Re1 72. Kf3 a4 73. Kf2 Re5 74. Rb7+ Rb5 75. Ra7 a3 76. Ke2 Kb3 77. Kd2 Kb2
78. Rc7 a2 79. Rc2+ Ka3 80. Rc3+ Rb3 81. Rc1 Rb1 82. Kc2 Rxc1+ 0-1

[Event "7th Southwest Class Ch."]
[Site "Dallas"]
[Date "2016.02.15"]
[Round "8.9"]
[White "Aponte, Felix"]
[Black "Bykovstev, Agata"]
[Result "1-0"]
[WhiteElo "2409"]
[BlackElo "2176"]
[PlyCount "79"]
[EventDate "2016.02.??"]
[EventType "swiss"]
[EventRounds "9"]
[EventCountry "USA"]

1. c4 Nf6 2. Nc3 g6 3. e4 d6 4. d4 Bg7 5. Nf3 O-O 6. Be2 e5 7. dxe5 dxe5 8. O-O
c6 9. Qc2 Nbd7 10. a3 a5 11. Be3 Qe7 12. Rab1 Ng4 13. Bg5 f6 14. Bd2 f5 15. h3
Nh6 16. b4 axb4 17. axb4 f4 18. c5 g5 19. Na4 Kh8 20. b5 g4 21. hxg4 Nxg4 22.
Nb6 Rb8 23. Nc4 Bf6 24. Nd6 Qg7 25. bxc6 bxc6 26. Rxb8 Nxb8 27. Rb1 Nd7 28. Qa4
Be7 29. Qxc6 Bxd6 30. cxd6 Rg8 31. Ne1 Ndf6 32. Rb8 Qa7 33. Qb6 Qxb6 34. Rxb6
Nxf2 35. Bc3 N2xe4 36. Bxe5 Re8 37. Nf3 Bd7 38. Bc4 Kg7 39. Rb7 Kf8 40. Bxf4
1-0

[Event "7th Southwest Class Ch."]
[Site "Dallas"]
[Date "2016.02.15"]
[Round "8.11"]
[White "Furfine, Jacob"]
[Black "Peng, David"]
[Result "1/2-1/2"]
[WhiteElo "2181"]
[BlackElo "2256"]
[PlyCount "233"]
[EventDate "2016.02.??"]
[EventType "swiss"]
[EventRounds "9"]
[EventCountry "USA"]

1. d4 Nf6 2. c4 e6 3. Nf3 d5 4. Nc3 Be7 5. Bf4 O-O 6. e3 c6 7. h3 Nbd7 8. Bd3
dxc4 9. Bxc4 b5 10. Bd3 Bb7 11. O-O b4 12. Na4 c5 13. Rc1 Rc8 14. Qe2 cxd4 15.
Rxc8 Qxc8 16. Nxd4 Qa8 17. f3 e5 18. Nf5 Re8 19. Bh2 e4 20. Bc2 Bf8 21. f4 Nb6
22. Nd4 Rd8 23. f5 Qc8 24. Rd1 Ba6 25. Qf2 Nc4 26. Bf4 Nd5 27. Bxe4 Nxf4 28.
Qxf4 Bb5 29. b3 Bxa4 30. bxa4 Nb2 31. Rf1 Nxa4 32. f6 g6 33. Nc6 Nc3 34. Kh1
Re8 35. Bf3 Qe6 36. Nxb4 Qxe3 37. Qxe3 Rxe3 38. Nd5 Rxf3 39. Ne7+ Bxe7 40. Rxf3
Bb4 41. a3 Ba5 42. g4 Nd5 43. g5 Nc7 44. Rd3 Ne6 45. Rb3 Bb6 46. Rb5 h6 47. h4
hxg5 48. hxg5 Be3 49. Rb8+ Kh7 50. Rb3 Bb6 51. Rg3 Bc7 52. Rc3 Bd6 53. Rd3 Bc5
54. Rc3 Bb6 55. Rg3 Bc7 56. Rc3 Bf4 57. Rd3 Nxg5 58. Rd7 Be3 59. a4 Kh6 60. Kg2
Bb6 61. Re7 a5 62. Rb7 Bd8 63. Ra7 Ne4 64. Rxf7 Nxf6 65. Rb7 Nh5 66. Rb5 Nf4+
67. Kf3 Ne6 68. Ke4 Kg7 69. Ke5 Kf7 70. Rb7+ Bc7+ 71. Kd5 g5 72. Rb5 g4 73. Ke4
g3 74. Ke3 Ke7 75. Rb7 Kd7 76. Kf3 Nc5 77. Rb5 Nxa4 {Diagram [#]} 78. Rxa5 Bxa5
79. Kxg3 Ke6 80. Kf4 Bc3 81. Ke4 Nc5+ 82. Kf4 Kf6 83. Ke3 Ke5 84. Kf3 Bd2 85.
Kf2 Bh6 86. Kf3 Ne4 87. Ke2 Kd4 88. Kf3 Nf6 89. Ke2 Nd5 90. Kf3 Nf6 91. Ke2 Ke4
92. Kf2 Bf4 93. Ke2 Ng4 94. Kf1 Kd3 95. Kg2 Ke2 96. Kg1 Kf3 97. Kh1 Ne3 98. Kg1
Kg3 99. Kh1 Kh3 100. Kg1 Bg3 101. Kh1 Be1 102. Kg1 Kg3 103. Kh1 Ng4 104. Kg1
Nh2 105. Kh1 Ba5 106. Kg1 Ng4 107. Kh1 Ne3 108. Kg1 Bb6 109. Kh1 Bc5 110. Kg1
Kf3 111. Kh2 Ng4+ 112. Kh1 Nf2+ 113. Kh2 Ke2 114. Kg2 Ne4 115. Kh2 Ng5 116. Kg3
Nf3 117. Kg2 1/2-1/2